Welcome to the Holygrace Academy Library

Please use search bar below to get started

ZORIC THE SPACEMAN (Record no. 4857)

MARC details
000 -LEADER
fixed length control field 00284nam a22001337a 4500
020 ## - INTERNATIONAL STANDARD BOOK NUMBER
ISBN 0-7214-1969-2
082 ## - DEWEY DECIMAL CLASSIFICATION NUMBER
Classification number 823
Item number KIN/Z
100 ## - MAIN ENTRY--AUTHOR NAME
Personal name KINGSTON, PETER
245 ## - TITLE STATEMENT
Title ZORIC THE SPACEMAN
260 ## - PUBLICATION, DISTRIBUTION, ETC. (IMPRINT)
Place of publication UK
Name of publisher LADYBIRD
300 ## - PHYSICAL DESCRIPTION
Number of Pages 51
650 ## - SUBJECT ADDED ENTRY--TOPICAL TERM
Topical Term ENGLISH SHORT STORY
Geographic subdivision UK
942 ## - ADDED ENTRY ELEMENTS (KOHA)
Koha item type Books
Holdings
Withdrawn status Lost status Collection code Home library Current library Shelving location Date acquired Source of acquisition Full call number Accession Number Koha item type
    Fiction Main Library Main Library SHELF-3-H-LADYBIRD STORY BOOKS 18/03/2015 PURCHASE 823 KIN/Z 09191 Books